Dekorativnyje okraski i rospisi.
Uložené v:
| Hlavní autori: | , , |
|---|---|
| Médium: | Kniha |
| Jazyk: | Russian |
| Vydané: |
1952.
|
| Fyzický popis: |
210 s.+2. |
| Tagy: |
Pridať tag
Žiadne tagy, Buďte prvý kto otaguje tento záznam!
|
Titul je dostupný aj v ... 

MARC
| LEADER | 00000nam a2200000 a 4500 | ||
|---|---|---|---|
| 001 | 000195021 | ||
| 005 | 20170622084040.0 | ||
| 008 | 040101s1952 e ruso | ||
| 040 | |a SVKKK |b slo |c SVKKK |e AACR2 | ||
| 041 | 0 | |a rus | |
| 100 | 1 | |a Baklanov, N. E. |4 aut | |
| 245 | 1 | 0 | |a Dekorativnyje okraski i rospisi. |
| 260 | |c 1952. | ||
| 300 | |a 210 s.+2. | ||
| 500 | |a Záznam revízie | ||
| 700 | 1 | |a Muchortov, I. D. |4 aut | |
| 700 | 1 | |a Nikolajev, A. S. |4 aut | |
| 910 | |a svkkk | ||
| 998 | |a BK | ||
| 090 | |g SCKHL |k Sklad |a III.513 |j 38751 |i 195021-10 |4 Zastaraná |s Vyradená | ||